Online
Catalog

Compactación de terrenos : (Record no. 11346)

MARC details
000 -CABECERA
campo de control de longitud fija 01074cam a2200277 a 4500
001 - NÚMERO DE CONTROL
campo de control 000011658
005 - FECHA Y HORA DE LA ÚLTIMA TRANSACCIÓN
campo de control 20200929162521.0
008 - DATOS DE LONGITUD FIJA--INFORMACIÓN GENERAL
campo de control de longitud fija 860127s1966 sp a 000 0 spa
040 ## - FUENTE DE LA CATALOGACIÓN
Centro catalogador/agencia de origen DO-SdBNP
Lengua de catalogación spa
Centro/agencia transcriptor BNPHU
082 ## - NÚMERO DE LA CLASIFICACIÓN DECIMAL DEWEY
Número de clasificación 624.15136
Número de documento/Ítem C736t
245 00 - MENCIÓN DE TÍTULO
Título Compactación de terrenos :
Resto del título terraplenes y pedraplenes, teoría y práctica /
Mención de responsabilidad, etc. Francisco Arredondo y Verdú ... [et al.] ; prólogo José Luis Escario y Núñez del Pino.
260 ## - PUBLICACIÓN, DISTRIBUCIÓN, ETC.
Lugar de publicación, distribución, etc. Barcelona, España :
Nombre del editor, distribuidor, etc. Técnicos Asociados,
Fecha de publicación, distribución, etc. 1966.
300 ## - DESCRIPCIÓN FÍSICA
Extensión 261 p. :
Otras características físicas il. ;
Dimensiones 19 cm.
650 #4 - PUNTO DE ACCESO ADICIONAL DE MATERIA--TÉRMINO DE MATERIA
Término de materia o nombre geográfico como elemento de entrada Mecánica de suelos
9 (RLIN) 20502
650 #4 - PUNTO DE ACCESO ADICIONAL DE MATERIA--TÉRMINO DE MATERIA
Término de materia o nombre geográfico como elemento de entrada Terraplenes
9 (RLIN) 27616
650 #4 - PUNTO DE ACCESO ADICIONAL DE MATERIA--TÉRMINO DE MATERIA
Término de materia o nombre geográfico como elemento de entrada Muros de contención
9 (RLIN) 27617
700 1# - PUNTO DE ACCESO ADICIONAL--NOMBRE DE PERSONA
Nombre de persona Arredondo Verdú, Francisco
9 (RLIN) 27618
700 1# - PUNTO DE ACCESO ADICIONAL--NOMBRE DE PERSONA
Nombre de persona Giménez Martín, Francisco
9 (RLIN) 27619
700 1# - PUNTO DE ACCESO ADICIONAL--NOMBRE DE PERSONA
Nombre de persona Jiménez Salas, José A.
9 (RLIN) 27620
700 1# - PUNTO DE ACCESO ADICIONAL--NOMBRE DE PERSONA
Nombre de persona Llamares Gómez, Olegario
9 (RLIN) 27621
700 1# - PUNTO DE ACCESO ADICIONAL--NOMBRE DE PERSONA
Nombre de persona Navacerrada Farias, Gonzalo de
9 (RLIN) 27622
700 1# - PUNTO DE ACCESO ADICIONAL--NOMBRE DE PERSONA
Nombre de persona Sendín, Mariano
9 (RLIN) 27623
700 1# - PUNTO DE ACCESO ADICIONAL--NOMBRE DE PERSONA
Nombre de persona Villamil, P.
9 (RLIN) 27624
700 1# - PUNTO DE ACCESO ADICIONAL--NOMBRE DE PERSONA
Nombre de persona Escario, José Luis,
Término indicativo de función/relación pról.
9 (RLIN) 27625
700 1# - PUNTO DE ACCESO ADICIONAL--NOMBRE DE PERSONA
Nombre de persona Núñez del Pino,
Término indicativo de función/relación pról.
9 (RLIN) 27626
Holdings
Estado de retiro Estado de pérdida Restricciones de uso No para préstamo Código de colección Localización permanente Ubicación/localización actual Ubicación en estantería Fecha de adquisición Número de inventario Total de préstamos Signatura topográfica completa Código de barras Fecha visto por última vez Precio válido a partir de Tipo de ítem Koha Número de copia
      Excluido de préstamo Monografías: Libros y Folletos General General Depósito 22.10.2009 LF1   624.15136 C736t 11658-10 25.06.2020 25.06.2020 No se presta  
  Extraviado   Excluido de préstamo Monografías: Libros y Folletos General General Extraviado 06.06.2017 LF1   624.15136 C736t 11658-20 25.06.2020 25.06.2020 No se presta e. 2

Powered by Koha